| 000 | 00000nam##2200000za#4500 |
| 001 | 9.646945 |
| 003 | CaOODSP |
| 005 | 20200514165823 |
| 007 | ta |
| 008 | 150407|1997||||xxc||||| f|0| 0 eng|d |
| 020 | |a0-662-26813-X |
| 040 | |aCaOODSP|beng |
| 043 | |an-cn--- |
| 086 | 1 |aNH15-210/1997E |
| 110 | 2 |aCanada Mortgage and Housing Corporation. |
| 245 | 10|aRegulatory barriers to on-site water reuse / |cPrepared by Canadian Water and Wastewater Association. |
| 260 | |bCanada Mortgage and Housing Corporation |c1997. |
| 300 | |aiii, 57p. in various pagings. : |breferences, tables ; |c28 cm. |
| 500 | |a"This report represents the results of an investigation into the existence of regulatory barriers to the implementation of on-site water reuse in Canada. This report explores the barriers which are present in health and environmental regulations, as well as in plumbing/building codes and municipal By-laws. Regulatory barriers are outlined at the national level and within each province or territory, with municipal examples provided. This report concludes that there are no absolute regulatory barriers to on-site water reuse in Canada. The implications of perceived barriers are discussed."--Abstract. |
| 520 | 3 |aThis report represents the results of an investigation into the existence of regulatory barriers to the implementation of on-site water reuse in Canada. This report explores the barriers which are present in health and environmental regulations, as well as in plumbing/building codes and municipal By-laws. Regulatory barriers are outlined at the national level and within each province or territory, with municipal examples provided. This report concludes that there are no absolute regulatory barriers to on-site water reuse in Canada. The implications of perceived barriers are discussed.--Abstract |
| 563 | |aSoftcover |
| 590 | |a98-17|b1998-04-24 |
| 690 | 07|aWater management|2gcpds |
| 775 | 08|tObstacles posés par la réglementation à la réutilisation de l'eau locale / |w(CaOODSP)9.680435 |